Test de rapidité n°6 - Statistiques

Statistiques générales
  • Ce quiz a été pris 913 fois
  • Le résultat moyen est 33 sur 164
Statistiques - réponses
Réponses % Correct
Si
100%
Six
95%
Scies
92%
Scient
89%
Si
88%
Six
87%
Scies
85%
Scient
84%
Si
83%
Six
82%
Scies
81%
Scient
80%
Si
80%
Six
79%
Scies
78%
Scient
77%
Si
77%
Six
76%
Scies
74%
Scient
73%
Si
73%
Six
72%
Scies
71%
Scient
70%
Si
69%
Six
68%
Scies
66%
Scient
65%
Si
64%
Six
63%
Scies
61%
Scient
59%
Si
58%
Six
56%
Scies
54%
Scient
51%
Si
49%
Six
47%
Scies
42%
Scient
38%
Si
37%
Six
36%
Scies
32%
Scient
30%
Si
29%
Six
27%
Scies
25%
Scient
22%
Si
21%
Six
19%
Scies
17%
Scient
15%
Si
14%
Six
13%
Scies
11%
Scient
9%
Si
9%
Six
8%
Scies
6%
Scient
5%
Si
5%
Six
4%
Scient
3%
Scies
3%
Si
3%
Six
3%
Scient
2%
Scies
2%
Si
2%
Si
2%
Six
2%
Six
2%
Scient
1%
Scient
1%
Scient
1%
Scies
1%
Scies
1%
Si
1%
Si
1%
Six
1%
Six
1%
Scient
0%
Scient
0%
Scient
0%
Scient
0%
Scient
0%
Scient
0%
Scient
0%
Scient
0%
Scient
0%
Scient
0%
Scient
0%
Scient
0%
Scient
0%
Scient
0%
Scient
0%
Scient
0%
Scient
0%
Scient
0%
Scient
0%
Scient
0%
Scient
0%
Scies
0%
Scies
0%
Scies
0%
Scies
0%
Scies
0%
Scies
0%
Scies
0%
Scies
0%
Scies
0%
Scies
0%
Scies
0%
Scies
0%
Scies
0%
Scies
0%
Scies
0%
Scies
0%
Scies
0%
Scies
0%
Scies
0%
Scies
0%
Scies
0%
Scies
0%
Si
0%
Si
0%
Si
0%
Si
0%
Si
0%
Si
0%
Si
0%
Si
0%
Si
0%
Si
0%
Si
0%
Si
0%
Si
0%
Si
0%
Si
0%
Si
0%
Si
0%
Si
0%
Si
0%
Si
0%
Six
0%
Six
0%
Six
0%
Six
0%
Six
0%
Six
0%
Six
0%
Six
0%
Six
0%
Six
0%
Six
0%
Six
0%
Six
0%
Six
0%
Six
0%
Six
0%
Six
0%
Six
0%
Six
0%
Six
0%
Aucun quiz correspondant
Distribution des résultats
% des personnes avec chaque résultat
Percentile par nombre de réponses
Votre historique - résultats
Vous n’avez pas pris ce quiz